01177cam a2200325 a 45000010005000000030006000050050017000110080041000280100017000690200015000860200018001010400023001190500016001420820012001581000027001702450034001972500037002312600049002683000063003175050007003805200142003875210019005295210019005486500020005676500031005879060045006189420015006639990015006789520158006936436FISKH20250502084334.0951109s1997 caua j 000 1 eng  a 95047861  a0152012842 a9780152163969 aDLCcDLCdDLCbeng aPZ7.L7945 W a823.9121 aLocker, Thomas,d1937-10aWater dance /cThomas Locker. aFirst Voyager Books edition 2002 aOrlando : bHarcourt Brace & Company,c1997. a30 unnumbered pages : bcolor illustrations ; c23 x 28 cm aG  aWater speaks of its existence in such forms as storm clouds, mist, rainbows, and rivers. Includes factual information on the water cycle.8 a310 bLexile 8 aG bRaz-Plus  1aWaterxFiction. 1aHydrologic cyclexFiction. a7bcbccorignewd1eocipf19gy-gencatlg 2ddccBKn0 c6436d6436 00102ddc40708JUVFa001b001cTK Green 7-57-60d2025-05-02l1oLOC 823.912 PZ7.L7945 WpFISTK02168r2025-11-11 10:13:03s2025-09-04t1w2025-05-02yBK